La hija de Celestina / (Record no. 137065)

MARC details
000 -LEADER
campo de control de longitud fija 00895nam a2200229 4500
001 - NÚMERO DE CONTROL
campo de control 137065
003 - IDENTIFICADOR DE NÚMERO DE CONTROL
campo de control ES-MaACL
005 - FECHA Y HORA DE LA ÚLTIMA TRANSACCIÓN
campo de control 20250930063123.0
007 - CAMPO FIJO DE DESCRIPCIÓN FÍSICA--INFORMACIÓN GENERAL
campo de control de longitud fija t|
008 - DATOS DE LONGITUD FIJA--INFORMACIÓN GENERAL
campo de control de longitud fija 070214s1907 sp r ||||1| spa d
080 ## - NÚMERO DE LA CLASIFICACIÓN DECIMAL UNIVERSAL
Número de la Clasificación Decimal Universal 821.134.2-31"16"
100 1# - ENTRADA PRINCIPAL--NOMBRE DE PERSONA
Nombre de persona Salas Barbadillo, Alonso Jerónimo de,
Fechas asociadas al nombre 1581-1635
9 (RLIN) 101754
245 13 - MENCIÓN DEL TÍTULO
Título La hija de Celestina /
Mención de responsabilidad, etc. por Alonso Jerónimo de Salas Barbadillo ; [introducción por Joaquín López Barbadillo].
260 ## - PUBLICACIÓN, DISTRIBUCIÓN, ETC.
Lugar de publicación, distribución, etc. Madrid :
Nombre del editor, distribuidor, etc. Pedro González-Blanco y Joaquín López Barbadillo,
Fecha de publicación, distribución, etc. 1907.
300 ## - DESCRIPCIÓN FÍSICA
Extensión 162 p. ;
Dimensiones 19 cm.
490 1# - MENCIÓN DE SERIE
Mención de serie Colección clásica de obras picarescas
534 ## - NOTA SOBRE LA VERSIÓN ORIGINAL
Frase introductoria Reprod. facsímil de la ed. de:
Publicación, distribución, etc. del original Milán : por Juan Baptista de Bidelo, 1616.
700 1# - ENTRADA AGREGADA--NOMBRE PERSONAL
Nombre de persona López Barbadillo, Joaquín.
9 (RLIN) 73441
830 1# - PUNTO DE ACCESO ADICIONAL DE SERIE-TÍTULO UNIFORME
Título uniforme Colección clásica de obras picarescas
9 (RLIN) 187065
852 ## - LOCALIZACIÓN
Ubicación ES-MaACL
Número de control de estantería A-4083
Holdings
Estatus retirado Estado de pérdida Estado de daño No para préstamo Biblioteca de origen Biblioteca actual Ubicación en estantería Fecha de adquisición Fuente de adquisición Total de préstamos Signatura topográfica completa Código de barras Visto por última vez Precio de reemplazo Tipo de ítem Koha
        Biblioteca del Ateneo de Madrid Biblioteca del Ateneo de Madrid Sala Pecera Planta 1 17/01/2008     A-4083 1142638 23/02/2023 23/02/2023 Libro impreso